000 00397nam a2200157Ia 4500
100 _aBerry/Michael/J.A
650 _aData Mining
942 _cBK
366 _f25
245 _aMastering Data Mining:The art and science of customer relationship management
260 _bCambridge University
_c2002
082 _a62.3822
_bBER
300 _a612
546 _aENGLISH
_celectronics
999 _c24719
_d24719